[Event "Tournament: Southend SCCU ch."]
[Site "?"]
[Date "1974.04.14"]
[Round "?"]
[White "Nicholson, J."]
[Black "Stebbings, A."]
[Result "1/2-1/2"]
[WhiteElo "2176"]
[BlackElo "2184"]
[PlyCount "116"]
[EventDate "1974.??.??"]

1. Nf3 d5 2. c4 c6 3. g3 dxc4 4. Bg2 b5 5. a4 Bb7 6. b3 cxb3 7. axb5 cxb5 8.
Qxb3 Qb6 9. Na3 Bc6 10. Ne5 e6 11. Bxc6+ Nxc6 12. Qf3 f6 13. Qxc6+ Qxc6 14.
Nxc6 Rc8 15. Nxa7 Rxc1+ 16. Rxc1 Bxa3 17. Ra1 Bb2 18. Ra2 Be5 19. Nxb5 Kf7 20.
Ra8 f5 21. O-O g6 22. Rc1 Ne7 23. Rxh8 Bxh8 24. d4 Bf6 25. Nd6+ Kf8 26. e3 Nd5
27. Nc4 Ke7 28. Rb1 Kf7 29. Rb7+ Kg8 30. Kf1 g5 31. Ke2 g4 32. Kd3 h5 33. Ne5
Bg5 34. Nd7 Be7 35. Nc5 Kf7 36. e4 fxe4+ 37. Kxe4 Kf6 38. Rb3 Bd6 39. f4 gxf3
40. Rxf3+ Ke7 41. Rb3 Kf6 42. Nd7+ Kg6 43. Rf3 Kg7 44. Nc5 Nc7 45. Nxe6+ Nxe6
46. Kd5 Ng5 47. Rf5 Be7 48. h4 Nh7 49. Ke6 Bf6 50. d5 Kg6 51. Rf3 Nf8+ 52. Kd6
Kg7 53. Kc6 Kg6 54. d6 Kf7 55. d7 Ne6 56. Kd6 Nd8 57. Kc7 Ne6+ 58. Kc8 Kg6
1/2-1/2

[Event "Tournament: Southend SCCU ch."]
[Site "?"]
[Date "1974.04.15"]
[Round "?"]
[White "Pope, A."]
[Black "Stebbings, A."]
[Result "1/2-1/2"]
[WhiteElo "2192"]
[BlackElo "2184"]
[PlyCount "61"]
[EventDate "1974.??.??"]

1. e4 c5 2. Nf3 e6 3. d4 cxd4 4. Nxd4 Nc6 5. Nc3 a6 6. g3 Nge7 7. Nb3 Na5 8.
Nxa5 Qxa5 9. Bg2 Nc6 10. O-O Be7 11. Bd2 Qc7 12. Qg4 O-O 13. f4 d6 14. Nd1 Rd8
15. Bc3 Bf8 16. Qe2 Bd7 17. Ne3 b5 18. a3 Rab8 19. Ng4 Kh8 20. Nh6 Be8 21. f5
e5 22. Ng4 a5 23. b3 b4 24. Bb2 Nd4 25. Qd1 Qxc2 26. Bxd4 Qxd1 27. Rfxd1 exd4
28. axb4 Rxb4 29. Rxa5 g6 30. Rd5 h5 31. Nf6 1/2-1/2

[Event "Essex league"]
[Site "?"]
[Date "1974.04.24"]
[Round "?"]
[White "Walker, R."]
[Black "Stebbings, A."]
[Result "1/2-1/2"]
[WhiteElo "2048"]
[BlackElo "2184"]
[PlyCount "67"]
[EventDate "1974.??.??"]

1. e4 c5 2. Nf3 e6 3. d4 cxd4 4. Nxd4 Nc6 5. Nb5 d6 6. c4 Nf6 7. N5c3 Be7 8.
Be2 O-O 9. O-O a6 10. b3 Bd7 11. Bb2 Rb8 12. a3 Na7 13. Qd4 b6 14. Nd2 Qc7 15.
Rac1 Qb7 16. Rc2 Rfd8 17. Rfc1 Rbc8 18. Qe3 Bc6 19. b4 b5 20. cxb5 axb5 21. Nb3
Qb8 22. Nd4 Be8 23. h3 Qb6 24. Nf5 Qxe3 25. Nxe3 Bc6 26. f3 Bd7 27. Kf2 Ne8 28.
Ncd1 Bf6 29. Rxc8 Rxc8 30. Rxc8 Nxc8 31. Bxf6 Nxf6 32. Nc3 Na7 33. Nc2 Ne8 34.
Nd4 1/2-1/2

[Event "Essex league"]
[Site "?"]
[Date "1974.04.29"]
[Round "?"]
[White "Stebbings, A."]
[Black "Murrell, J."]
[Result "1-0"]
[WhiteElo "2184"]
[BlackElo "1928"]
[PlyCount "64"]
[EventDate "1974.??.??"]

1. e4 Nf6 2. e5 Nd5 3. d4 d6 4. Nf3 g6 5. Bc4 Nb6 6. Bb3 Bg7 7. Ng5 d5 8. f4
O-O 9. O-O f6 10. Nf3 Bg4 11. Nbd2 Nc6 12. c3 Qd7 13. h3 Bxf3 14. Nxf3 f5 15.
Bc2 Nd8 16. b3 Ne6 17. Be3 Rac8 18. a4 a5 19. Qe2 c5 20. dxc5 Nxc5 21. Qb5 Qxb5
22. axb5 Ncd7 23. Bd4 Ra8 24. Ng5 Rfc8 25. Ra2 Nc5 26. Rfa1 h6 27. Nf3 Nbd7 28.
Rxa5 Rxa5 29. Rxa5 Ne6 30. Ra7 Nxd4 31. Nxd4 Rxc3 32. Rxb7 Nxe5 1-0

[Event "County match"]
[Site "?"]
[Date "1974.05.18"]
[Round "?"]
[White "Stebbings, A."]
[Black "Bellin, R."]
[Result "1/2-1/2"]
[WhiteElo "2136"]
[BlackElo "2352"]
[PlyCount "43"]
[EventDate "1974.??.??"]

1. e4 c5 2. Nf3 d6 3. d4 cxd4 4. Nxd4 Nf6 5. Nc3 Nc6 6. f4 e5 7. Nf3 Be7 8. Bd3
O-O 9. O-O exf4 10. Kh1 Ne5 11. Bxf4 Ng6 12. Bg3 Nh5 13. Bf2 Nhf4 14. Qd2 Bf6
15. Nd4 Nxd3 16. cxd3 Be6 17. Nxe6 fxe6 18. d4 Bg5 19. Be3 Rxf1+ 20. Rxf1 Bxe3
21. Qxe3 Qb6 22. Qd2 1/2-1/2

[Event "Essex league"]
[Site "?"]
[Date "1974.05.20"]
[Round "?"]
[White "Stebbings, A."]
[Black "Johnson, R."]
[Result "1-0"]
[WhiteElo "2136"]
[BlackElo "1992"]
[PlyCount "39"]
[EventDate "1974.??.??"]

1. e4 c5 2. Nf3 e6 3. d4 cxd4 4. Nxd4 a6 5. Nc3 Qc7 6. Bd3 Nc6 7. Be3 Nf6 8.
Nb3 Bb4 9. f4 d6 10. O-O O-O 11. Qf3 Bxc3 12. bxc3 Na5 13. Nxa5 Qxa5 14. c4 Bd7
15. g4 d5 16. e5 Ne4 17. f5 Nd2 18. Qf4 Nxf1 19. f6 gxf6 20. exf6 1-0

[Event "Tournament: Ilford Open"]
[Site "?"]
[Date "1974.05.24"]
[Round "?"]
[White "Stebbings, A."]
[Black "Curnow, D."]
[Result "0-1"]
[WhiteElo "2136"]
[BlackElo "2040"]
[PlyCount "48"]
[EventDate "1974.??.??"]

1. e4 c5 2. Nf3 d6 3. d4 cxd4 4. Nxd4 Nf6 5. Nc3 g6 6. f4 Nc6 7. Nxc6 bxc6 8.
e5 Nd7 9. exd6 exd6 10. Be3 Be7 11. Qd2 Rb8 12. O-O-O Qa5 13. Be2 d5 14. Bd4
O-O 15. f5 Qb4 16. b3 Qa3+ 17. Kb1 c5 18. f6 Nxf6 19. Be5 Bf5 20. Nb5 Rxb5 21.
Bxb5 Ne4 22. Qxd5 Nf2 23. Bb2 Nxd1 24. Bxa3 Nc3+ 0-1

[Event "Tournament: Ilford Open"]
[Site "?"]
[Date "1974.05.25"]
[Round "?"]
[White "Sherwood, C."]
[Black "Stebbings, A."]
[Result "0-1"]
[WhiteElo "1672"]
[BlackElo "2136"]
[PlyCount "80"]
[EventDate "1974.??.??"]

1. d4 Nf6 2. c4 g6 3. Nc3 d5 4. cxd5 Nxd5 5. e4 Nxc3 6. bxc3 Bg7 7. Bc4 c5 8.
Ne2 Nc6 9. Be3 O-O 10. O-O Qc7 11. Rc1 Rd8 12. h3 b6 13. f4 e6 14. Qe1 Na5 15.
Bd3 f5 16. g4 Bb7 17. Ng3 fxe4 18. Bxe4 Bxe4 19. Nxe4 cxd4 20. cxd4 Qd7 21. Qf2
Nc6 22. Ng5 Nxd4 23. Rfd1 e5 24. Nf3 Nxf3+ 25. Qxf3 Qf7 26. a4 exf4 27. Rxd8+
Rxd8 28. Qxf4 Qxf4 29. Bxf4 Bd4+ 30. Kg2 Bc5 31. a5 Kf7 32. Bc7 Rd2+ 33. Kf3
Rd3+ 34. Kg2 Rd7 35. Bf4 Ke6 36. Re1+ Kd5 37. axb6 axb6 38. Rd1+ Kc6 39. Rxd7
Kxd7 40. h4 Ke6 0-1

[Event "Tournament: Ilford Open"]
[Site "?"]
[Date "1974.05.25"]
[Round "?"]
[White "Stebbings, A."]
[Black "Cooper, N."]
[Result "1-0"]
[WhiteElo "2136"]
[BlackElo "2016"]
[PlyCount "121"]
[EventDate "1974.??.??"]

1. e4 e6 2. d4 d5 3. Nc3 Nf6 4. Bg5 Be7 5. e5 Ne4 6. Nxe4 Bxg5 7. Nxg5 Qxg5 8.
g3 Qe7 9. c3 f6 10. Bd3 c5 11. dxc5 Qxc5 12. Qh5+ Ke7 13. exf6+ gxf6 14. Qh6
Rf8 15. Qxh7+ Rf7 16. Qh6 d4 17. Ne2 Qd5 18. O-O-O Qxa2 19. Nxd4 Nc6 20. Bb1
Qa1 21. Nxc6+ bxc6 22. Qd2 Kf8 23. Qh6+ Ke7 24. Qd2 Kf8 25. Qd6+ Kg7 26. Rhe1
Rb7 27. Qa3 Qxa3 28. bxa3 Rb3 29. Kc2 Rab8 30. Kd2 Rxa3 31. Bc2 e5 32. Ra1 Rxa1
33. Rxa1 Ra8 34. Ra5 a6 35. Be4 Bb7 36. c4 Kf7 37. h4 Rg8 38. Rc5 Rc8 39. g4
Ke7 40. f3 Kd6 41. Ra5 Rh8 42. h5 Bc8 43. c5+ Kc7 44. Bg6 Kb7 45. Ke3 Be6 46.
Bd3 f5 47. Bxa6+ Kc7 48. Be2 fxg4 49. fxg4 Rg8 50. Ra7+ Kb8 51. Ra1 Bxg4 52.
Rg1 Be6 53. Rxg8+ Bxg8 54. Bd3 Kb7 55. h6 Ka7 56. Be4 Kb7 57. Kd3 Ka6 58. Bxc6
Ka5 59. Ke4 Kb4 60. Kxe5 Kxc5 61. Be4 1-0

[Event "Tournament: Ilford Open"]
[Site "?"]
[Date "1974.05.26"]
[Round "?"]
[White "Morrey, P."]
[Black "Stebbings, A."]
[Result "0-1"]
[WhiteElo "2000"]
[BlackElo "2136"]
[PlyCount "46"]
[EventDate "1974.??.??"]

1. e4 c5 2. Nf3 e6 3. g3 Nc6 4. Bg2 d5 5. exd5 exd5 6. d4 c4 7. O-O Bd6 8. Ne5
Nge7 9. Nxc6 bxc6 10. b3 Ba6 11. Re1 O-O 12. Bf1 Qa5 13. Bd2 Qb6 14. bxc4 Qxd4
15. Bc3 Qxd1 16. Rxd1 Bc5 17. Nd2 dxc4 18. Ne4 Ba3 19. Nd6 Nd5 20. Nxc4 Bxc4
21. Bxc4 Nxc3 22. Rd3 Bb4 23. Rd7 Nd5 0-1

[Event "Tournament: Ilford Open"]
[Site "?"]
[Date "1974.05.26"]
[Round "?"]
[White "Stebbings, A."]
[Black "Wodzianek, A."]
[Result "1-0"]
[WhiteElo "2136"]
[BlackElo "1904"]
[PlyCount "107"]
[EventDate "1974.??.??"]

1. e4 g6 2. d4 d5 3. exd5 Qxd5 4. Nc3 Qd8 5. Nf3 Bg7 6. Bc4 c6 7. Bg5 Bg4 8. h3
Bxf3 9. Qxf3 Nf6 10. Rd1 Qa5 11. Bh4 Nbd7 12. O-O O-O 13. Rfe1 e6 14. Bg3 Nb6
15. Bb3 Nbd5 16. Nb1 Nh5 17. Be5 Bxe5 18. Rxe5 Qc7 19. c4 Ne7 20. Nc3 Rad8 21.
Qe2 Nf6 22. Re3 Nf5 23. Red3 Rfe8 24. Qe5 Qe7 25. a3 Rd6 26. Bc2 Qd8 27. g4 Nh4
28. Qg5 Nd7 29. Qxd8 Rxd8 30. Ne4 Nf8 31. Nxd6 Rxd6 32. d5 cxd5 33. cxd5 e5 34.
Rc3 f5 35. Kh2 Nd7 36. Kg3 g5 37. Bxf5 Nf6 38. Be6+ Kg7 39. Rc7+ Kg6 40. f3 h5
41. Rxb7 a5 42. Rb5 e4 43. f4 e3 44. f5+ Kh6 45. Rc1 Ne4+ 46. Kh2 Nf3+ 47. Kg2
Nh4+ 48. Kg1 Nf3+ 49. Kf1 Nd4 50. Rb8 Nd2+ 51. Kg2 Ne2 52. Rc7 Nf4+ 53. Kh1 Ng6
54. Bg8 1-0

[Event "Tournament: Ilford Open"]
[Site "?"]
[Date "1974.05.27"]
[Round "?"]
[White "Stebbings, A."]
[Black "Adams, P."]
[Result "1-0"]
[WhiteElo "2136"]
[BlackElo "1864"]
[PlyCount "47"]
[EventDate "1974.??.??"]

1. e4 c5 2. Nf3 Nc6 3. d4 cxd4 4. Nxd4 Nf6 5. Nc3 a6 6. Be3 e6 7. Bd3 Qc7 8.
Nb3 Be7 9. f4 d6 10. O-O b5 11. Qf3 Bb7 12. a4 b4 13. Ne2 Na5 14. Nxa5 Qxa5 15.
Nd4 O-O 16. g4 d5 17. e5 Ne4 18. f5 Bc5 19. Bxe4 dxe4 20. Qf4 Qb6 21. a5 Qa7
22. Rad1 Rad8 23. f6 Ba8 24. Qg5 1-0

[Event "Tournament: Limburg Open"]
[Site "Hasselt, Belgium"]
[Date "1974.07.05"]
[Round "?"]
[White "Caelen, P."]
[Black "Stebbings, A."]
[Result "0-1"]
[WhiteElo "1680"]
[BlackElo "2136"]
[PlyCount "90"]
[EventDate "1974.??.??"]

1. d4 Nf6 2. c4 g6 3. Nc3 d5 4. cxd5 Nxd5 5. e4 Nxc3 6. bxc3 Bg7 7. Bd3 c5 8.
Nf3 Nc6 9. Bb5 O-O 10. Bxc6 bxc6 11. O-O cxd4 12. cxd4 c5 13. Be3 Bg4 14. h3
cxd4 15. hxg4 dxe3 16. Qxd8 Rfxd8 17. Rae1 exf2+ 18. Kxf2 Rab8 19. Re2 Rb2 20.
Rxb2 Bxb2 21. Kg3 Rd6 22. Rf2 Ba3 23. Ne5 f6 24. Nc4 Bc5 25. Nxd6 Bxf2+ 26.
Kxf2 exd6 27. Ke3 Kg7 28. a4 Kf7 29. Kd4 Ke6 30. a5 a6 31. g3 h6 32. Kc4 Ke5
33. Kd3 h5 34. gxh5 gxh5 35. Ke3 f5 36. exf5 Kxf5 37. Kd4 Kg4 38. Kd5 Kxg3 39.
Kxd6 h4 40. Kc6 h3 41. Kb6 h2 42. Kxa6 h1=Q 43. Kb6 Qb1+ 44. Ka7 Qb5 45. a6 Kf4
0-1

[Event "Tournament: Limburg Open"]
[Site "Hasselt, Belgium"]
[Date "1974.07.06"]
[Round "?"]
[White "Stebbings, A."]
[Black "Plumanns, D."]
[Result "1-0"]
[WhiteElo "2136"]
[BlackElo "1928"]
[PlyCount "77"]
[EventDate "1974.??.??"]

1. e4 c6 2. d4 d5 3. exd5 cxd5 4. c4 Nf6 5. Nc3 e6 6. Nf3 Nc6 7. c5 Be7 8. Bf4
O-O 9. Bb5 Bd7 10. O-O b6 11. Bxc6 Bxc6 12. Ne5 Rc8 13. b4 Be8 14. Re1 Nd7 15.
Nf3 bxc5 16. dxc5 Nb6 17. cxb6 Rxc3 18. bxa7 Ra3 19. Qd4 Bb5 20. Bb8 Bd6 21.
Re3 Ra6 22. a4 Bc4 23. b5 Ra5 24. Ne5 Bxb8 25. axb8=Q Qxb8 26. Nd7 Qb7 27. Nxf8
Kxf8 28. Qc5+ Kg8 29. Raa3 Ra8 30. b6 Rc8 31. Qd6 Bb5 32. Rec3 Bc6 33. a5 d4
34. Qxd4 Qe7 35. a6 Rd8 36. Qg4 Qb4 37. h3 Qxb6 38. a7 Ra8 39. Qc4 1-0

[Event "Tournament: Limburg Open"]
[Site "Hasselt, Belgium"]
[Date "1974.07.07"]
[Round "?"]
[White "O'Sullivan, B."]
[Black "Stebbings, A."]
[Result "0-1"]
[WhiteElo "2120"]
[BlackElo "2136"]
[PlyCount "64"]
[EventDate "1974.??.??"]

1. Nf3 d5 2. g3 c6 3. Bg2 Bg4 4. c4 e6 5. b3 Nd7 6. Bb2 Ngf6 7. O-O Bd6 8. d3
Qe7 9. h3 Bh5 10. e4 dxe4 11. dxe4 e5 12. Nbd2 Ba3 13. Bxa3 Qxa3 14. Qc2 Bxf3
15. Nxf3 O-O 16. Nh4 Rfd8 17. Nf5 Nc5 18. Qc3 Nfd7 19. Rfd1 Ne6 20. Qf3 Ndf8
21. Qg4 Kh8 22. h4 Rxd1+ 23. Rxd1 Qxa2 24. Qf3 f6 25. h5 h6 26. Rd6 Qa3 27. Qd3
Nd4 28. Rxd4 exd4 29. Qxd4 Re8 30. Bh3 Qxb3 31. Nxh6 Qb1+ 32. Kh2 Qxe4 0-1

[Event "Tournament: Limburg Open"]
[Site "Hasselt, Belgium"]
[Date "1974.07.08"]
[Round "?"]
[White "Stebbings, A."]
[Black "Debarnot, R."]
[Result "1/2-1/2"]
[WhiteElo "2136"]
[BlackElo "2424"]
[PlyCount "53"]
[EventDate "1974.??.??"]

1. e4 e6 2. d4 d5 3. Nc3 Nf6 4. Bg5 Be7 5. e5 Nfd7 6. Bxe7 Qxe7 7. f4 a6 8. Nf3
c5 9. Qd2 Nc6 10. dxc5 Qxc5 11. a3 b5 12. Qf2 Bb7 13. Bd3 Rc8 14. Qxc5 Nxc5 15.
Ne2 Ke7 16. O-O Na4 17. b3 Nc5 18. Nfd4 g6 19. Nxc6+ Bxc6 20. Nd4 Bd7 21. Kf2
h5 22. Ke3 Rc7 23. g3 Bc8 24. h3 Bb7 25. Rh1 Rcc8 26. g4 Nd7 27. g5 1/2-1/2

[Event "Tournament: Limburg Open"]
[Site "Hasselt, Belgium"]
[Date "1974.07.09"]
[Round "?"]
[White "DeBruycker, B."]
[Black "Stebbings, A."]
[Result "1-0"]
[WhiteElo "2240"]
[BlackElo "2136"]
[PlyCount "85"]
[EventDate "1974.??.??"]

1. d4 Nf6 2. c4 g6 3. Nc3 d5 4. Nf3 Bg7 5. Bf4 O-O 6. e3 c5 7. dxc5 Qa5 8. Nd2
dxc4 9. Bxc4 Qxc5 10. Rc1 Nc6 11. Nb5 Qf5 12. h3 Ne8 13. g4 Qd7 14. Qc2 b6 15.
O-O Bb7 16. Rfd1 a6 17. Ne4 Qc8 18. Nbc3 Na5 19. Bd5 Nf6 20. Nxf6+ Bxf6 21. b4
Nc4 22. Qe4 Bxd5 23. Nxd5 b5 24. g5 Qe6 25. Qxe6 fxe6 26. Nc7 Bb2 27. Rb1 Ra7
28. Nxe6 Rc8 29. Rd5 Bc3 30. Rb3 Ba1 31. e4 a5 32. bxa5 Rxa5 33. Rbxb5 Rxa2 34.
Rd7 Re2 35. Rc5 Rxc5 36. Nxc5 Kf7 37. Kf1 Rc2 38. Nd3 Rc3 39. Nb4 Rxh3 40. Nd5
Rh1+ 41. Kg2 Re1 42. Rxe7+ Kg8 43. Nf6+ 1-0

[Event "Tournament: Limburg Open"]
[Site "Hasselt, Belgium"]
[Date "1974.07.10"]
[Round "?"]
[White "Winants, H."]
[Black "Stebbings, A."]
[Result "0-1"]
[WhiteElo "2048"]
[BlackElo "2136"]
[PlyCount "84"]
[EventDate "1974.??.??"]

1. Nf3 d5 2. g3 c6 3. Bg2 Bg4 4. h3 Bh5 5. c4 e6 6. b3 Nd7 7. cxd5 exd5 8. Bb2
Ngf6 9. O-O Bd6 10. d3 O-O 11. Nbd2 Re8 12. Rc1 a5 13. a4 Nc5 14. Re1 Nfd7 15.
Qc2 Na6 16. e4 Nb4 17. Qb1 Nc5 18. Bf1 Bxf3 19. Nxf3 Nxb3 20. Bxg7 Nxc1 21. Ba1
Nca2 22. e5 Bf8 23. h4 Bg7 24. d4 h6 25. Re2 b5 26. Rxa2 Nxa2 27. Qxa2 bxa4 28.
Bd3 Qb6 29. Qxa4 Qb4 30. Qd1 Rab8 31. h5 a4 32. Nh4 Qe7 33. f4 Kf8 34. Nf5 Qa3
35. Nxg7 Kxg7 36. f5 Rg8 37. Qg4+ Kf8 38. Qf4 Qxa1+ 39. Bf1 Qc3 40. Kh2 Qxg3+
41. Qxg3 Rxg3 42. Kxg3 a3 0-1

[Event "Tournament: Limburg Open"]
[Site "Hasselt, Belgium"]
[Date "1974.07.11"]
[Round "?"]
[White "Stebbings, A."]
[Black "Meulders, R."]
[Result "0-1"]
[WhiteElo "2136"]
[BlackElo "2184"]
[PlyCount "44"]
[EventDate "1974.??.??"]

1. e4 c5 2. Nf3 e6 3. d4 cxd4 4. Nxd4 Nc6 5. Nb5 d6 6. c4 Nf6 7. N1c3 a6 8. Na3
Be7 9. Be3 O-O 10. Be2 b6 11. O-O Bb7 12. f4 Rc8 13. g4 d5 14. exd5 exd5 15.
Nxd5 Nxd5 16. Qxd5 Qe8 17. Nc2 Na5 18. Qd3 Nxc4 19. Bd4 Bc5 20. b3 Nb2 21. Qd2
Qe4 22. Bd1 Rfe8 0-1

[Event "Tournament: Limburg Open"]
[Site "Hasselt, Belgium"]
[Date "1974.07.12"]
[Round "?"]
[White "Stebbings, A."]
[Black "Kirch, H."]
[Result "1-0"]
[WhiteElo "2136"]
[BlackElo "1864"]
[PlyCount "43"]
[EventDate "1974.??.??"]

1. e4 c5 2. Nf3 Nc6 3. d4 cxd4 4. Nxd4 d6 5. Nc3 Nf6 6. f4 g6 7. Nxc6 bxc6 8.
e5 Bg4 9. Be2 Bxe2 10. Qxe2 dxe5 11. fxe5 Nd5 12. e6 f6 13. Nxd5 Qxd5 14. Bf4
Bg7 15. c3 O-O 16. O-O f5 17. Rfd1 Qc5+ 18. Kh1 Rfd8 19. Rd7 Rxd7 20. exd7 Bf6
21. Qe6+ Kg7 22. Bc7 1-0

[Event "Tournament: Limburg Open"]
[Site "Hasselt, Belgium"]
[Date "1974.07.13"]
[Round "?"]
[White "Stebbings, A."]
[Black "Weemaes, R."]
[Result "1-0"]
[WhiteElo "2136"]
[BlackElo "2112"]
[PlyCount "85"]
[EventDate "1974.??.??"]

1. e4 Nf6 2. e5 Nd5 3. d4 d6 4. Nf3 Bg4 5. Be2 e6 6. O-O Be7 7. h3 Bh5 8. c4
Nb6 9. exd6 cxd6 10. Nc3 O-O 11. Be3 Nc6 12. d5 Bxf3 13. Bxf3 Ne5 14. dxe6 fxe6
15. Bg4 Rf6 16. b3 Nxg4 17. Qxg4 Rg6 18. Qe4 Bf6 19. Rac1 Bxc3 20. Rxc3 d5 21.
Bxb6 dxe4 22. Bxd8 Rxd8 23. Rc2 Rd3 24. Kh2 Rf6 25. Re1 e3 26. f3 Rf5 27. Rce2
Re5 28. f4 Re4 29. Kg3 e5 30. fxe5 Rxe5 31. Kf4 Ra5 32. Ke4 Rd2 33. a4 Rd6 34.
Rxe3 Rg5 35. Kf4 h6 36. g4 Rb6 37. Rd1 Rc5 38. Rd7 Rf6+ 39. Kg3 Rb6 40. Kf4
Rf6+ 41. Ke4 Rb6 42. Kd4 Rg5 43. Kc3 1-0

[Event "London league"]
[Site "?"]
[Date "1974.09.20"]
[Round "?"]
[White "Marshall, A."]
[Black "Stebbings, A."]
[Result "0-1"]
[WhiteElo "2152"]
[BlackElo "2136"]
[PlyCount "62"]
[EventDate "1974.??.??"]

1. e4 c5 2. Nf3 e6 3. d4 cxd4 4. Nxd4 Nc6 5. Nc3 a6 6. Be3 Qc7 7. g3 b5 8. Bg2
Nge7 9. f4 Nxd4 10. Qxd4 Nc6 11. Qd3 d6 12. O-O Bd7 13. Qd2 Be7 14. a3 O-O 15.
Rad1 Na5 16. e5 Nc4 17. exd6 Bxd6 18. Qd4 Bc6 19. Bf2 Bxg2 20. Kxg2 Rfd8 21.
Qe4 Nxb2 22. Bd4 Nxd1 23. Nxd1 Rac8 24. Kh3 Qxc2 25. Qf3 Qf5+ 26. g4 Qd5 27.
Qf2 Bxa3 28. Be5 Qd3+ 29. Kh4 Rc2 30. Qg1 Bc5 31. Qh1 Qe2 0-1

[Event "Essex league"]
[Site "?"]
[Date "1974.09.27"]
[Round "?"]
[White "Cutler, N."]
[Black "Stebbings, A."]
[Result "1/2-1/2"]
[WhiteElo "2168"]
[BlackElo "2136"]
[PlyCount "66"]
[EventDate "1974.??.??"]

1. b3 d5 2. Bb2 Bg4 3. g3 c6 4. Bg2 Nd7 5. c4 e6 6. Nf3 Ngf6 7. O-O Bd6 8. d3
Qe7 9. Nbd2 O-O 10. Qc2 Rfe8 11. e4 dxe4 12. dxe4 e5 13. Rfe1 Ba3 14. Bxa3 Qxa3
15. Nf1 Bxf3 16. Bxf3 Nc5 17. Qc3 Rad8 18. Re3 Rd4 19. Nd2 a5 20. Qc2 Red8 21.
Nb1 Qb4 22. a3 Qb6 23. Ra2 h6 24. Rb2 Nd3 25. Ra2 Nc5 26. Rb2 Qa6 27. Qe2 a4
28. b4 Nb3 29. c5 Qxe2 30. Bxe2 Rxe4 31. Nc3 Rxe3 32. fxe3 Nd5 33. Nxa4 Nc1
1/2-1/2

[Event "County match"]
[Site "?"]
[Date "1974.09.28"]
[Round "?"]
[White "Henshaw, J."]
[Black "Stebbings, A."]
[Result "1-0"]
[WhiteElo "2264"]
[BlackElo "2136"]
[PlyCount "61"]
[EventDate "1974.??.??"]

1. c4 Nf6 2. Nc3 e6 3. Nf3 d5 4. d4 Nbd7 5. cxd5 exd5 6. Bf4 c6 7. e3 Be7 8.
Bd3 Nh5 9. Be5 Nxe5 10. dxe5 g6 11. Nd4 O-O 12. Qf3 f6 13. e6 Qd6 14. h4 Bxe6
15. g4 Ng7 16. h5 f5 17. hxg6 hxg6 18. Qh3 Kf7 19. gxf5 Bxf5 20. Bxf5 Nxf5 21.
Nxf5 gxf5 22. Qxf5+ Ke8 23. Qh5+ Kd7 24. O-O-O Kc7 25. Rxd5 Qf6 26. Ne4 Qf7 27.
Qe5+ Kc8 28. Rd4 a5 29. Rhd1 Bb4 30. Rxb4 axb4 31. Nd6+ 1-0

[Event "Tournament: Chelmsford Open"]
[Site "?"]
[Date "1974.10.04"]
[Round "?"]
[White "Evans, R."]
[Black "Stebbings, A."]
[Result "0-1"]
[WhiteElo "1728"]
[BlackElo "2136"]
[PlyCount "42"]
[EventDate "1974.??.??"]

1. e4 c5 2. f4 Nf6 3. Nc3 d5 4. exd5 Nxd5 5. Nxd5 Qxd5 6. Nf3 Qe4+ 7. Qe2 Qxf4
8. Qb5+ Nd7 9. d3 Qc7 10. Be2 e6 11. O-O Be7 12. Bg5 Bxg5 13. Nxg5 O-O 14. Qc4
Qe5 15. Qh4 h6 16. Nxf7 Rxf7 17. Rxf7 Kxf7 18. Bh5+ g6 19. Bxg6+ Kxg6 20. Qd8
Nf6 21. Rf1 Qd4+ 0-1

[Event "Tournament: Chelmsford Open"]
[Site "?"]
[Date "1974.10.05"]
[Round "?"]
[White "Stebbings, A."]
[Black "Lester, M."]
[Result "1-0"]
[WhiteElo "2136"]
[BlackElo "2056"]
[PlyCount "23"]
[EventDate "1974.??.??"]

1. e4 c5 2. Nf3 d6 3. d4 cxd4 4. Nxd4 Nf6 5. Nc3 g6 6. f4 Bg7 7. e5 dxe5 8.
fxe5 Ng4 9. Bb5+ Kf8 10. Ne6+ fxe6 11. Qxd8+ Kf7 12. O-O+ 1-0

[Event "Tournament: Chelmsford Open"]
[Site "?"]
[Date "1974.10.05"]
[Round "?"]
[White "Girling, A."]
[Black "Stebbings, A."]
[Result "0-1"]
[WhiteElo "1960"]
[BlackElo "2136"]
[PlyCount "78"]
[EventDate "1974.??.??"]

1. c4 Nf6 2. Nc3 e6 3. e4 c5 4. e5 Ng8 5. Nf3 Nc6 6. d3 d6 7. Bg5 Be7 8. Bxe7
Ngxe7 9. exd6 Qxd6 10. Ne4 Qd8 11. Qd2 b6 12. Qf4 O-O 13. Be2 Nf5 14. O-O-O Bb7
15. h4 Qe7 16. Rh3 Nfd4 17. Nxd4 Nxd4 18. Bf1 Rad8 19. Re1 e5 20. Qe3 f6 21.
Ng3 Qd7 22. b3 a5 23. Ne2 Nf5 24. Qd2 a4 25. Nc3 axb3 26. axb3 Nd4 27. Kb2 Ra8
28. Rb1 Bc6 29. Kc1 Ra3 30. b4 Bxg2 31. Bxg2 Rxc3+ 32. Kd1 Qa4+ 33. Ke1 Rc2 34.
Qd1 Qa2 35. Bd5+ Kh8 36. Re3 Rd2 37. Qc1 Re2+ 38. Kf1 Rxf2+ 39. Ke1 Re2+ 0-1

[Event "Tournament: Chelmsford Open"]
[Site "?"]
[Date "1974.10.05"]
[Round "?"]
[White "Miles, A."]
[Black "Stebbings, A."]
[Result "1-0"]
[WhiteElo "2440"]
[BlackElo "2136"]
[PlyCount "51"]
[EventDate "1974.??.??"]

1. Nf3 d5 2. g3 c6 3. Bg2 Bg4 4. d3 Nd7 5. O-O e6 6. Nbd2 Bd6 7. e4 Ne7 8. b3
O-O 9. Bb2 Rc8 10. Qe1 Qb6 11. Kh1 Rfe8 12. Nh4 Nf8 13. h3 Bh5 14. e5 Bb8 15.
g4 Bg6 16. f4 c5 17. f5 exf5 18. gxf5 Bh5 19. Qg3 f6 20. Rg1 g5 21. Bf3 Bxf3+
22. Qxf3 h6 23. exf6 Qd6 24. Nf1 Nc6 25. Qh5 Qd7 26. Rxg5+ 1-0

[Event "Tournament: Chelmsford Open"]
[Site "?"]
[Date "1974.10.06"]
[Round "?"]
[White "Stebbings, A."]
[Black "Campbell, G."]
[Result "1/2-1/2"]
[WhiteElo "2136"]
[BlackElo "1960"]
[PlyCount "79"]
[EventDate "1974.??.??"]

1. e4 d6 2. d4 g6 3. c3 Bg7 4. f4 Nd7 5. Nf3 a6 6. Bc4 e6 7. a4 Ne7 8. e5 c5 9.
Be3 Nb6 10. Nbd2 cxd4 11. Bxd4 Nc6 12. Qb3 Nxd4 13. cxd4 d5 14. Be2 Qc7 15. a5
Nd7 16. O-O Nb8 17. Rfc1 Nc6 18. Qc3 Bd7 19. Nb3 O-O 20. Nc5 Na7 21. Qb4 Bc6
22. Qe1 Qe7 23. Qg3 Bb5 24. Bxb5 Nxb5 25. h4 h5 26. Qg5 Rfe8 27. Kf2 Rac8 28.
Ke3 Bf8 29. b4 Rc6 30. g4 Qxg5 31. hxg5 hxg4 32. Nh2 Bxc5 33. bxc5 Kg7 34. Nxg4
Rh8 35. Rh1 Rcc8 36. Rh6 Rxh6 37. Nxh6 Rh8 38. Rb1 Kf8 39. Rc1 Na3 40. Kd3
1/2-1/2

[Event "Tournament: Chelmsford Open"]
[Site "?"]
[Date "1974.10.06"]
[Round "?"]
[White "Parkes, T."]
[Black "Stebbings, A."]
[Result "0-1"]
[WhiteElo "2096"]
[BlackElo "2136"]
[PlyCount "36"]
[EventDate "1974.??.??"]

1. d4 Nf6 2. c4 g6 3. Nc3 d5 4. cxd5 Nxd5 5. g3 Bg7 6. Bg2 Nb6 7. Nf3 Nc6 8.
O-O Nxd4 9. Nxd4 Qxd4 10. Qxd4 Bxd4 11. Nb5 Be5 12. Be3 c6 13. f4 Bb8 14. Rac1
O-O 15. Rxc6 bxc6 16. Bxc6 Bd7 17. Bxa8 Bxb5 18. Bf3 Nc4 0-1

[Event "Tournament: BCF ch. qualifier"]
[Site "?"]
[Date "1974.10.19"]
[Round "?"]
[White "Stebbings, A."]
[Black "Perkins, A."]
[Result "1/2-1/2"]
[WhiteElo "2136"]
[BlackElo "2280"]
[PlyCount "58"]
[EventDate "1974.??.??"]

1. e4 e5 2. Nf3 Nc6 3. Bb5 a6 4. Ba4 d6 5. O-O Bd7 6. c4 Nf6 7. Re1 Be7 8. d4
O-O 9. d5 Nb8 10. c5 Bg4 11. c6 bxc6 12. dxc6 a5 13. Nc3 Na6 14. Be3 Ne8 15. h3
Bxf3 16. Qxf3 Bg5 17. Bb3 Bxe3 18. fxe3 Nc5 19. Bc4 Kh8 20. Rf1 f6 21. g4 g6
22. Nd5 Ne6 23. b3 N8g7 24. Kh2 f5 25. exf5 gxf5 26. gxf5 Rxf5 27. Qg4 Rg5 28.
Qf3 Rf5 29. Qg4 Rg5 1/2-1/2